Movies Quiz

Random Movies or Famous Quiz

Famous Movie Quotes... Almost Quiz Stats

 Plays Quiz Updated Jan 9, 2019

Score 0/30 Timer 06:00
0 Plays Today
Lead-in Quote Movie % Correct
Close your eyes and tap your heels together three times, and think to yourself...The Wizard of Oz
83.1%
Hey, Doc. We better back up. We don't have enough road to get up to 88.Back to the Future
75.5%
I want to tell you my secret now./Okay./I see people...The Sixth Sense
75.2%
Surely, you can't be serious?Airplane!
70.4%
But being as this is a .44 Magnum, the most powerful handgun in the world, and would blow your head clean off, you've got to ask yourself one question...Dirty Harry
67.1%
You want answers?/ I want the truth!A Few Good Men
65.1%
I want an Official Red Ryder Carbine-Action Two-Hundred-Shot Range Model Air Rifle!A Christmas Story
60.4%
Oh, yeah, you can milk anything with nipples.Meet the Parents
59.6%
You want a chocolate? I could eat about a million and a half of these.Forrest Gump
58%
I dedicated my life to the study of fencing, so the next time we meet, I will not fail. I will go up to the six fingered man and say...The Princess Bride
56.7%
Do not try and bend the spoon. That's impossible. Instead only try and realize the truth./ What truth?The Matrix
47.3%
The filthy little thieves! Where is it? Where is it? They stole it from us.Lord of the Rings: The Two Towers
41.1%
In a little while you will notice that the Kreplachistani warhead has gone missing. If you want it back, you going to have to pay me...Austin Powers: International Man of Mystery
39.6%
Where shall I go? What shall I do?Gone With the Wind
36.4%
So, me watching, he takes the knife to her, laughing while he does it. He turns to me, and he says...The Dark Knight
35.8%
Lead-in Quote Movie % Correct
Well, Denham, the airplanes got him./ Oh no, it wasn't the airplanes.King Kong
33.4%
And you, my friend, are responsible for delaying my rendez-vous with Star Command.Toy Story
30.8%
He told me enough! He told me you killed him!Star Wars Episode V: The Empire Strikes Back
26.9%
I want you to get up right now and go to the window, open it and stick your head out and yell...Network
24.2%
Mon Capitaine!/ Major Strasser's been shot...Casablanca
23.2%
I admire your luck, Mister...?Dr. No
19.3%
Do you really think you have a chance against us, Mr. Cowboy?Die Hard
17.6%
I just want to say one word to you - just one word...The Graduate
17.3%
It's too late. They start shooting in a week.The Godfather
14.8%
'And the last thing he said to me, 'Rock,' he said, 'sometime when the team is up against it and the breaks are beating the boys, tell 'em to go out there with all they got...Knute Rockne: All American
13.9%
But you don't understand, Osgood! I'm a man!Some Like It Hot
11.7%
You're right. It's down there, and I'm in here. I guess it comes down to a simple choice, really.The Shawshank Redemption
10.9%
No longer, Madam. He is now in custody of the Ministry of Science.Planet of the Apes
5.6%
Look. It's gonna be a while. You wanna wait? There's a bench.The Terminator
5.4%
You're lying! I never hit you!The Room
4.4%

You're not logged in!

Compare scores with friends on all Sporcle quizzes.
OR
Log In

Show Comments

Extras

Top Quizzes Today


Score Distribution

Your Account Isn't Verified!

In order to create a playlist on Sporcle, you need to verify the email address you used during registration. Go to your Sporcle Settings to finish the process.

Report this User

Report this user for behavior that violates our Community Guidelines.

Details: